000 00713nam a2200229 a 4500
001 13306
003 BD-JhCC
005 20230819081324.0
008 171004s2019 bg a|||| ||a| 00| 0 ben d
020 _a9789848127490
035 _a(BD-JhCC)13306
040 _aBD-JhCC
_dBD-JhCC
041 _abengali
082 _223
_a928
_bRAH 2019
100 _aরহমান,ড.ওয়ানাইজা
245 _aবিজ্ঞানীদের অজানা গল্প /
_cড.ওয়ানাইজা রহমান।
260 _aঢাকা :
_bইতি প্রকাশন;
_c2019.
300 _a127 p. :
_c22 cm.
650 _astory of scientists.
942 _2ddc
_cBK
_019
999 _c13306
_d13306